Africká cichlida Melanochromis auratus (Boulenger, 1897)

Bibliographic Details
Main Author: Tokušev, Richard (Author)
Format: Article
Language:Slovak
PhysicalDescription:Fotogr.
ISSN:1335-8308
Subjects:

MARC

LEADER 00000nab a2200000 a 4500
001 vtls000829681
003 SK-MaSNL
005 20260302162800.0
008 161006c xo 0 slo
015 |a SNBRB2003/03-09601 
035 |a CLN000181336 
040 |a SNKBUCL  |b slo  |c SNKBUCL  |e AACR2 
041 0 |a slo 
044 |a xo  |c SK 
080 |a 636.98:597  |2 1997 
080 |a 639.34  |2 1997 
100 1 |a Tokušev, Richard  |4 aut  |9 858062 
245 1 0 |a Africká cichlida Melanochromis auratus (Boulenger, 1897)  |c Richard Tokušev 
300 |b Fotogr. 
504 |a Bibliogr. odkazy 
650 0 7 |a papuľovec rôznofarebný  |x chov  |2 snkbucl  |9 863019 
655 7 |a články z novín a časopisov  |2 snkbucl  |9 267496 
773 0 |x 1335-8308  |t Aquatera  |g Roč. 9, č. 1 [2003], s. 6-9 
850 |a Slovenská národná knižnica v Martine 
852 |a SNK  |b KIS3GCP 
958 |a NB 
958 |a RBX 
999 |c 1381273  |d 1383203